Geography Quiz

Random Geography or City Quiz

Worst 20 Places for Crime in the UK Quiz Stats

 Plays Quiz not verified by Sporcle

Score 0/20 Timer 05:00
0 Plays Today
City/Town % Correct
Manchester
91.4%
Leeds
79.2%
Newcastle
75.7%
Nottingham
66.5%
Cardiff
64.7%
Sheffield
63.9%
Bristol
61.1%
Bradford
54.8%
Hull
53.3%
Swansea
51.5%
City/Town % Correct
Middlesbrough
32.2%
Bolton
27.4%
Newport
19.5%
Northampton
17.1%
Oldham
17%
Rotherham
14%
Peterborough
13.6%
Stockport
11.9%
Walsall
9.4%
St Helens
6.2%

You're not logged in!

Compare scores with friends on all Sporcle quizzes.
OR
Log In

Show Comments

Extras

Top Quizzes Today


Score Distribution

Your Account Isn't Verified!

In order to create a playlist on Sporcle, you need to verify the email address you used during registration. Go to your Sporcle Settings to finish the process.

Report this User

Report this user for behavior that violates our Community Guidelines.

Details: